000 00340 a2200157 4500
001 163792
020 _a85-258-0414-2
040 _cMagnum
100 _aElkind, Belinha
240 1 0 _aA borboleta mágica
_lpor
245 1 0 _aA borboleta mágica
300 _a30
362 0 _a1989
697 _aLITERATURA INFANTO-JUVENIL
942 _cBK
999 _c163792
_d163792